000
00342nam a22001577a 4500
003
SGT
020
_a
0-19-946468-5
082
_a
641
_b
SIN
100
_a
SINGORAVELAVAN, R.
245
_a
FOOD & BEVERAGE SERVICE
250
_a
2ND
260
_a
INDIA
_b
OXFORD PUB.
_c
2022
300
_a
755
650
_a
FOOD & BEVERAGE
942
_2
ddc
_c
BK
999
_c
28603
_d
28603